000 00472nam a2200193Ia 4500
005 20250423095223.0
008 250422s9999 xx 000 0 und d
020 _a9789332574045
050 _aTA 403 .B83/
100 _aBudinski, Kenneth G.
245 0 _aEngineering materials : properties and selection
250 _a9th ed.
260 _aIndia
260 _bPearson Education Inc.
260 _c2016
300 _a776 p
650 _aMaterials.
942 _cBK
999 _c29613
_d29613